| 000 | 00568nam a22002057a 4500 | ||
|---|---|---|---|
| 003 | OSt | ||
| 005 | 20130411200214.0 | ||
| 008 | 130402s2012 sp ||||| |||| 00| 0 cat d | ||
| 020 | _a9788466651363 | ||
| 040 | _cCDMR | ||
| 100 | 1 |
_93055 _aAmela, Víctor M. |
|
| 245 | 1 | 0 |
_aTots els meus secrets, o gairebé _cVíctor-M. Amela; traducció de Emma García Carbassa |
| 250 | _a1a ed. | ||
| 260 |
_aBarcelona _bEdiciones B |
||
| 260 |
_bGrupo Z _c2012 |
||
| 300 | _a307 p. | ||
| 490 | 0 | _aNo Ficció | |
| 650 | 0 | 4 |
_93139 _aPeriodistes catalans _vBiografia |
| 942 |
_2udc _cMON |
||
| 999 |
_c6038 _d6038 |
||